000 00592nam a2200121Ia 4500
008 220615s9999||||xx |||||||||||||| ||und||
100 _aFelde, Andrea||Halvorsen, Tor||Myrtveit, Anja||Øygard, Reidar
245 0 _aDemocracy and the Discourse on Relevance Within the Academic Profession at Makerere University
546 _aEnglish[eng]
650 _aDemocracy||discourse||higher education||knowledge production
856 _uhttps://library.oapen.org/bitstream/20.500.12657/51175/1/9781928502272.pdf||https://library.oapen.org/bitstream/20.500.12657/51175/1/9781928502272.pdf
942 _cEB
999 _c16801
_d16801